000 00962nam a2200265Ia 4500
003 OSt
005 20220923211210.0
006 a|||||r|||| 00| 0
007 ta
008 220922b |||||||| |||| 00| 0 hin d
020 _a9788121407748 (hbk)
_c250
024 _a317,776
037 _b81, 15/03/2017, Mallika Books
_cTextual
040 _aARTS
_cARTS
_bhin
041 _2hin
_ahin
082 _aO152,3N56x, Q6
100 _aदुबे, अश्विनी कुमार, ले.
_9159482
245 0 _aएक और प्रेम कथा
246 _aEk aur prem kathā
260 _aनयी दिल्ली
_b नेशनल पब्लिशिंग हाउस
_c2016
300 _a109पृ.
_ccm.
650 _aहिन्दी कहानी
942 _hO152,3N56x, Q6
_cTEXL
_2CC
999 _c296702
_d296702